Henrys Clinical Diagnosis and Management b Laboratory Methods (Record no. 246335)

MARC details
000 -LEADER
fixed length control field 00521nam a2200193Ia 4500
008 - FIXED-LENGTH DATA ELEMENTS--GENERAL INFORMATION
fixed length control field 240913s9999||||xx |||||||||||||| ||und||
082 ## - DEWEY DECIMAL CLASSIFICATION NUMBER
-- 616.0756 Q4
100 ## - MAIN ENTRY--PERSONAL NAME
Personal name McPherson, Richard A
245 #0 - TITLE STATEMENT
Title Henrys Clinical Diagnosis and Management b Laboratory Methods
250 ## - EDITION STATEMENT
Edition statement 22nd
260 ## - PUBLICATION, DISTRIBUTION, ETC. (IMPRINT)
Date of publication, distribution, etc 2014
Name of publisher, distributor, etc Els
Place of publication, distribution, etc Japan
500 ## - GENERAL NOTE
General note REFERENCE
650 ## - SUBJECT ADDED ENTRY--TOPICAL TERM
Topical term or geographic name as entry element Perfusion Technology
700 ## - ADDED ENTRY--PERSONAL NAME
Personal name Pincus, Mathew R
942 ## - ADDED ENTRY ELEMENTS (KOHA)
Item type Reference
Holdings
Withdrawn status Lost status Damaged status Permanent location Current location Shelving location Date acquired Source of acquisition Full call number Barcode Date last seen Koha item type
      CENTRAL LIBRARY, NOORUL ISLAM CENTRE FOR HIGHER EDUCATION CENTRAL LIBRARY, NOORUL ISLAM CENTRE FOR HIGHER EDUCATION   10/28/2017 Vrindha Book Distributors, Pathanamthitta 616.0756 Q4 76264 09/13/2024 Reference
Visitors:
Copyright © 2024 Central Library NICHE.  All rights reserved.